000
00317nam a2200133Ia 4500
008
191201s2011 xx 000 0 und d
082
_a
005.8
_b
PFS
100
_a
PFLEEGER, Charles P
245
0
_a
Security in Computing
260
_a
N.Delhi
_b
PHI
_c
2011
300
_a
868
650
_a
B.Tech(CSE)
942
_2
ddc
_c
BK
_0
2
999
_c
3892
_d
3892